000 00599nam a2200181 a 4500
005 20220604063742.0
008 991125s1973 bar 000 0 spa u
035 _aUPN01000009851
049 _aCG
050 4 _aLB1195
_bK6.28
100 1 _aKothe, Siegfried
245 1 0 _aCómo utilizar los bloques lógicos de Z. P. Dienes :
_bpensar es divertido /
_cSiegfried Kothe ; tr. Mireia Bofill.
260 _aBarcelona, Esp. :
_bTeide,
_c1973.
300 _a103 p. :
_bil. col.
440 0 _aEnseñanza de la matemática moderna ;
_v10
650 4 _aLógica simbólica y matemática
_93581
905 _aLibro
999 _c9851
_d9851